000 01047nam a2200469 a 4500
005 20140412111346.0
008 041006s19uu xx 00 eng d
020 _a0-02-661365-4
050 _aTR(GS 372.4
_bA19 2000
100 _aAdams, Marilyn Jager
245 _aReading and writing workbook, bk.2,Level 1-2 /
_cMarilyn Jager Adams.
260 _aOhio :
_bMcGrawhill,
_c2000.
300 _a119
440 _aSRA open court reading
650 _aReading- study and teaching
999 _c105201
_d105201